Hidráulica de tuberías
Kaydedildi:
| Yazar: | |
|---|---|
| Materyal Türü: | Kitap |
| Dil: | İspanyolca |
| Baskı/Yayın Bilgisi: |
Bogotá
McGraw Hill
1998
|
| Konular: | |
| Etiketler: |
Etiketle
Etiket eklenmemiş, İlk siz ekleyin!
|
MARC
| LEADER | 00000nam a2200000 a 4500 | ||
|---|---|---|---|
| 001 | UCP0490 | ||
| 003 | CL-VaPUC | ||
| 008 | 990313e19980000CK |||||||||||||||||spa|d | ||
| 020 | |a 9586008312 | ||
| 082 | 0 | 4 | |a 627 |b SAL |2 21 |
| 100 | 0 | |a Saldarriaga V., Juan G |e author |9 425802 | |
| 245 | 1 | 0 | |a Hidráulica de tuberías |
| 300 | |a 564 p | ||
| 942 | |c BK | ||
| 945 | |d 19990313 00:00:00 |a aarredon | ||
| 260 | |a Bogotá |b McGraw Hill |c 1998 | ||
| 500 | |a Incluye 2 diskette | ||
| 650 | 0 | |a Ingeniería hidráulica |9 260281 | |
| 650 | 0 | |a Abastecimiento de agua |9 260374 | |
| 650 | 0 | |a Agua potable |9 260375 | |
| 650 | 0 | |a Tuberías |9 259420 | |
| 650 | 7 | |a DISTRIBUCION DE AGUA |2 CL-VaPUC |9 364346 | |
| 650 | 7 | |a MAQUINARIA HIDRAULICA |2 CL-VaPUC |9 425803 | |
| 583 | |a last modification |c 19990313 00:00:00 |k Rodrigo Vera | ||
| 999 | |c 279265 |d 279263 | ||
| 952 | |0 0 |1 0 |4 0 |6 627_000000000000000_SAL_1998 |7 0 |8 A |9 318250 |a BIBMEC |b BIBMEC |d 2019-11-20 |i 3496368 |o 627 SAL 1998 |p 3496368 |r 2024-01-19 |w 2019-11-20 |y BK |k MEC | ||
| 952 | |0 0 |1 0 |4 0 |6 627_000000000000000_SAL_1998 |7 0 |8 A |9 318251 |a BIBMEC |b BIBMEC |d 2019-11-20 |i 3646262 |o 627 SAL 1998 |p 3646262 |r 2024-01-19 |w 2019-11-20 |y BK |k MEC | ||
| 952 | |0 0 |1 0 |4 0 |6 627_000000000000000_SAL_1998 |7 0 |8 A |9 318252 |a BIBING |b BIBING |d 2019-11-20 |i 4009398 |o 627 SAL 1998 |p 4009398 |r 2025-01-20 |w 2019-11-20 |y BK |k ING | ||
| 952 | |0 0 |1 0 |4 0 |6 627_000000000000000_SAL_1998 |7 0 |8 A |9 318253 |a BIBING |b BIBING |d 2019-11-20 |i 4021843 |o 627 SAL 1998 |p 4021843 |r 2025-01-20 |w 2019-11-20 |y BK |k CCL | ||